000 00807nam2a2200265 4500
001 RU\NLR\bibl\1739925
005 20250616112313.0
010 _a978-5-17-071140-6
_95000
021 _aRU
_b2011-316и
_950и
035 _a(NLR Aleph) 001730846
090 _a1398561
_c1398561
100 _a20110224d2011 |||y0rusy50 ca
101 1 _arus
_cund
102 _aRU
105 _aa |||||||||
200 0 _aКн. 2
210 _d2011
_aБ. м.
215 _a172 с.
_cил.
461 0 _1001RU\NLR\bibl\1784603
_12001#$aСвященник$vКн. 2
_91663619
_cМосква
_d2011
_fМин-Ву Хьюнг
_nАСТ
_o[манга]
_tСвященник
_y978-5-17-065199-3
_vКн. 2
801 0 _aRU
_bNLR
_c20110224
_gRCR
801 1 _aRU
_bNLR
_c20110224
942 _cBOOK
980 _aNB
980 _aNBR